| 000 | 00367nam a2200145 a 4500 | ||
|---|---|---|---|
| 001 | 133 | ||
| 003 | CDMR | ||
| 005 | 20130116135150.0 | ||
| 008 | 130130s2000||||||||||||||||||||||||||||d | ||
| 040 |
_aCDMR _bcat _cCDMR |
||
| 100 | 1 |
_aLópez, Nicolás _9110 |
|
| 245 | 1 | 0 |
_aAlbum de viaje _cLÓPEZ, Nicolás |
| 260 |
_aSan Sebastián _c2000 _bOngarri kultur elkartea |
||
| 942 | _cMON | ||
| 999 |
_c133 _d133 |
||